000
00267nam a2200109Ia 4500
008
220204s9999 xx 000 0 und d
082
_a
82-3
_b
PEN
100
_a
Penkovskiy, Oleg
245
4
_a
The Penkovskiy papers
260
_a
New York
_b
Ballantine
_c
1982
942
_c
BK
999
_c
37746
_d
37746